La escuela moderna : guía práctica para la organización material, técnica y pedagógica de la escuela popular /
Compilación de tres obras del educador francés Celestín Freinet, en las cuales expresa el estudio del entorno y de las necesidades sociales de su comunidad para luego proponer una pedagogía innovadora.
Tallennettuna:
| Päätekijä: | |
|---|---|
| Muut tekijät: | |
| Aineistotyyppi: | Kirja |
| Kieli: | espanja |
| Julkaistu: |
Madrid, España :
Morata,
1999, c1999
|
| Painos: | 2a edición |
| Sarja: | (Raíces de la Memoria)
|
| Aiheet: | |
| Tagit: |
Ei tageja, Lisää ensimmäinen tagi!
|
MARC
| LEADER | 00000nam^a2200000^a^4500 | ||
|---|---|---|---|
| 001 | 000146400 | ||
| 005 | 20250521000000.0 | ||
| 009 | 20260310095911.494 | ||
| 020 | |a 84-7112-410-6 | ||
| 037 | |a Acervo ITESO - Biblioteca | ||
| 041 | |a ESP | ||
| 082 | |a 370. 1 |b FRE | ||
| 100 | |a Freinet, Célestin |e (autor) | ||
| 245 | 1 | 3 | |a La escuela moderna : |b guía práctica para la organización material, técnica y pedagógica de la escuela popular / |c C. Freinet ; pról. de H. Barreiro ; tr. por Equipo Téramo. |
| 250 | |a 2a edición | ||
| 264 | 4 | |a Madrid, España : |b Morata, |c 1999, c1999 | |
| 300 | |a 266 p. | ||
| 336 | |a texto |b txt |2 rdacontenido | ||
| 337 | |a sin mediación |b n |2 rdamedio | ||
| 338 | |a volumen |b nc |2 rdasoporte | ||
| 440 | 1 | |a (Raíces de la Memoria) | |
| 500 | |a Traducción de: L'Ecole Moderne Française. Guide pratique poour l'organisation matérielle, technique et pédagogique de l'école populaire; Les dit de Mathieu. Une pédagogie moderne de bon sens; Les invariants pédagogiques | ||
| 520 | |a Compilación de tres obras del educador francés Celestín Freinet, en las cuales expresa el estudio del entorno y de las necesidades sociales de su comunidad para luego proponer una pedagogía innovadora. | ||
| 649 | |a XX | ||
| 650 | |a Niños - |x Condiciones Sociales y Culturales | ||
| 650 | |a Niños - |x Condiciones Psicológicas | ||
| 650 | |a Metodología Educativa - |z Francia | ||
| 650 | |a Innovación Educativa - |z Francia | ||
| 650 | |a Finalidades de la Educación - |z Francia | ||
| 650 | |a Filosofía de la Educación | ||
| 650 | |a Educación - |z Francia | ||
| 740 | 4 | |a Una pedagogía moderna de sentido común : |b los dichos de Mateo / |c C. Freinet ; pról. de H. Barreiro ; tr. por Equipo Téramo. | |
| 740 | 4 | |a Las invariantes pedagógicas / |c C. Freinet ; pról. de H. Barreiro ; tr. por Equipo Téramo. | |
| 700 | |a Barreiro, Herminio |e (prólogo) | ||
| 910 | |a Fondo General | ||
| 920 | |a Impresos - Libros | ||
| 930 | |a Colección General | ||
| 905 | |a 101 | ||
| 901 | |a 0500075962 |b IT1 |c ACC |u 20250521 | ||
| 902 | |a https://opac.biblio.iteso.mx/vufind/Record/000146400 | ||